| 000 | 01095cam a22003017a 4500 | ||
|---|---|---|---|
| 001 | 000011549 | ||
| 005 | 20200929162503.0 | ||
| 008 | 010117s2000 ve ab b 001 0 spa d | ||
| 010 | _a2001397241 | ||
| 020 | _a9803790048 | ||
| 035 | _a(DLC)12446978 | ||
| 040 |
_aDO-SdBNP _cOU _dCStRLIN _dDLC |
||
| 042 | _alccopycat | ||
| 043 | _as-ve--- | ||
| 050 | 0 | 0 |
_aSB191.M2 _bM32445 2000 |
| 245 | 0 | 3 |
_aEl maiz en Venezuela / _ccompiladores Humberto Fontana Nieves, Carlos Gonzalez Narvaez. |
| 260 |
_a[Caracas?] : _bFundacion para la Investigacion Agricola DANAC: _bFundacion Polar, _c2000. |
||
| 300 |
_a530 p. : _bill. (some col.), col. maps ; _c29 cm. |
||
| 504 | _aIncludes bibliographical references (p. 508-525) and index. | ||
| 650 | 0 |
_aCorn _zVenezuela. _927322 |
|
| 650 | 0 |
_aCorn _xBiotechnology _zVenezuela. _927323 |
|
| 650 | 0 |
_aCorn _xDiseases and pests _zVenezuela. _927324 |
|
| 650 | 0 |
_aAgronomy _zVenezuela. _927325 |
|
| 700 | 1 |
_aFontana Nieves, Humberto. _927326 |
|
| 700 | 1 |
_aGonzalez Narvaez, Carlos. _927327 |
|
| 910 | _aCatalogación por copia / LC | ||
| 082 | 0 | 0 |
_a633.1/5/0987 _221 |
| 999 |
_c11244 _d11244 |
||